[Event "Défi"]
[Site "www.echecsemail.com"]
[Date "2026.01.08"]
[Round "1"]
[White "Riothamus"]
[Black "Intrigue"]
[WhiteElo "1690"]
[BlackElo "1720"]
[Result "1-0"]
1.d4 d5
2.c4 c6
3.Nb1c3 Ng8f6
4.Bc1f4 e6
5.e3 Bf8d6
6.Bf4g5 O-O
7.c5 Bd6e7
8.Ng1f3 h6
9.Bg5h4 Nb8d7
10.Bf1e2 b6
11.cxb6 axb6
12.Qd1d3 c5
13.Qd3c2 Bc8a6
14.O-O Ba6xe2
15.Qc2xe2 cxd4
16.Nf3xd4 Ra8c8
17.a3 Nd7c5
18.Qe2d1 Nf6d7
19.Bh4xe7 Qd8xe7
20.b4 Nc5b7
21.Nc3b5 e5
22.Nd4f5 Qe7e6
23.Nf5g3 Nd7f6
24.Qd1e2 Rc8c4
25.Rf1c1 Rf8c8
26.Rc1xc4 Rc8xc4
27.h3 Nf6e4
28.Ng3xe4 Rc4xe4
29.Nb5c7 Qe6d6
30.Ra1c1 d4
31.Qe2f3 Qd6g6
32.Nc7d5 Kh8
33.Nd5e7 Qg6f6
34.Qf3xe4 Qf6xe7
35.exd4 f6
36.Rc1c8 Nb7d8
37.Qe4a8 { abandon }1-0

[Event "Défi( 10J+24H/c 10J Max )"]
[Site "www.echecsemail.com"]
[Date "2026.01.08"]
[Round "1"]
[White "Geantvert"]
[Black "Titit1"]
[WhiteElo "1870"]
[BlackElo "1490"]
[Result "1-0"]
1.c4 Ng8f6
2.Nb1c3 Nb8c6
3.d4 d6
4.e4 Bc8g4
5.Bf1e2 Bg4xe2
6.Ng1xe2 a6
7.f4 e6
8.O-O Bf8e7
9.a3 O-O
10.b4 Qd8d7
11.d5 exd5
12.exd5 Nc6d8
13.Ne2d4 c6
14.dxc6 bxc6
15.Qd1d3 Nd8b7
16.Nc3a4 Qd7c7
17.Nd4b3 Ra8d8
18.Bc1e3 a5
19.Be3b6 Qc7b8
20.Bb6xd8 Rf8xd8
21.Qd3f3 Qb8c7
22.Nb3d4 Rd8e8
23.Qf3xc6 Qc7b8
24.Rf1e1 Nb7d8
25.Qc6b6 Qb8a8
26.Qb6c7 Nd8e6
27.Nd4xe6 Be7f8
28.Ne6xf8 Kxf8
29.Qc7xd6 Kg8
30.Na4b6 Qa8a6
31.b5 Qa6b7
32.c5 h6
33.Re1xe8 Kh7
34.Re8e7 Nf6e4
35.Qd6e5 Qb7xe7
36.Qe5xe7 Ne4f6
37.Qe7xf7 Nf6e4
38.c6 Ne4d6
39.Qf7d5 Nd6e8
40.Qd5e4 Kg8
41.Qe4xe8 Kh7
42.Ra1d1 a4
43.f5 g6
44.Rd1d7 1-0

[Event "Eq:Les Rois du Succes-Les enfants de l Atlantide :"]
[Site "www.echecsemail.com"]
[Date "2026.01.08"]
[Round "1"]
[White "Youliyouli"]
[Black "Bassdark"]
[WhiteElo "1880"]
[BlackElo "2040"]
[Result "1-0"]
1.e4 e5
2.Ng1f3 Nb8c6
3.Bf1c4 Ng8f6
4.Nf3g5 d5
5.exd5 Nc6a5
6.d3 Na5xc4
7.dxc4 h6
8.Ng5f3 Bc8g4
9.h3 Bg4xf3
10.Qd1xf3 Bf8e7
11.Qf3g3 Qd8d7
12.Qg3xg7 O-O-O
13.Nb1c3 Rd8g8
14.Qg7xf7 Rg8xg2
15.Bc1e3 Nf6e4
16.Qf7f3 Rh8g8
17.Nc3xe4 Rg2g1
18.Ke2 Rg1xa1
19.Rh1xa1 Rg8f8
20.Qf3h5 Qd7a4
21.b3 Qa4a3
22.Be3c1 Qa3a6
23.a4 Qa6b6
24.Bc1e3 Qb6a6
25.Be3c5 Be7xc5
26.Ne4xc5 Qa6f6
27.Qh5g4 Qf6f5
28.Qg4xf5 Rf8xf5
29.Ra1g1 Rf5f8
30.Rg1g6 b6
31.Nc5e6 Rf8f7
32.Rg6xh6 { abandon }1-0

[Event "Défi( 10J+24H/c 10J Max )"]
[Site "www.echecsemail.com"]
[Date "2026.01.08"]
[Round "1"]
[White "Chessgaston"]
[Black "Titit1"]
[WhiteElo "2150"]
[BlackElo "1480"]
[Result "1-0"]
1.d4 d5
2.c4 Ng8f6
3.Nb1c3 e6
4.e3 Nb8c6
5.Ng1f3 Bf8b4
6.Bf1d3 Bc8d7
7.O-O O-O
8.cxd5 exd5
9.a3 Bb4d6
10.Bc1d2 a6
11.e4 dxe4
12.Nc3xe4 Bd6e7
13.Ne4xf6 Be7xf6
14.Bd2c3 Rf8e8
15.Ra1c1 Bd7g4
16.Bd3b1 Nc6e7
17.h3 Bg4d7
18.Nf3e5 Bd7e6
19.Qd1f3 b5
20.Rf1d1 Ne7d5
21.Rd1d3 Ra8c8
22.Rc1e1 c6
23.Ne5g4 Bf6e7
24.Re1xe6 fxe6
25.Qf3e4 Qd8d7
26.Rd3f3 g6
27.Ng4h6 Kg7
28.Rf3f7 Kxh6
29.Bc3d2 Kh5
30.Qe4g4 1-0

[Event "Défi( 10J+24H/c 10J Max )"]
[Site "www.echecsemail.com"]
[Date "2026.01.08"]
[Round "1"]
[White "Titit1"]
[Black "Samjf"]
[WhiteElo "1270"]
[BlackElo "1320"]
[Result "1-0"]
1.e4 e6
2.d4 d5
3.e5 c5
4.Ng1f3 Nb8c6
5.Nb1c3 b6
6.Bf1b5 Bc8d7
7.O-O a6
8.Bb5d3 Nc6b4
9.Bd3e2 Bf8e7
10.a3 Nb4c6
11.Bc1e3 Qd8c7
12.Be3f4 Ng8h6
13.Bf4xh6 gxh6
14.Qd1d2 Be7f8
15.dxc5 Bf8xc5
16.Qd2xh6 Bc5f8
17.Qh6f6 Rh8g8
18.Rf1e1 Rg8g6
19.Qf6h8 O-O-O
20.Qh8xh7 Rg6h6
21.Qh7d3 Nc6a7
22.Qd3e3 Bd7c6
23.Nc3d1 Bc6b7
24.c3 Na7c6
25.Nf3d4 Nc6xe5
26.f4 Ne5c4
27.Qe3c1 Rh6h7
28.Nd1e3 Qc7xf4
29.h3 Nc4xe3
30.Be2f3 Qf4g3
31.Re1xe3 Bf8h6
32.Qc1e1 Kb8
33.Qe1xg3 Ka8
34.Re3e2 a5
35.Qg3c7 Rd8c8
36.Qc7xb6 f6
37.Qb6xa5 Kb8
38.Re2xe6 Bh6f4
39.Ra1e1 Bf4g3
40.Re1e2 Bg3c7
41.Qa5b4 Bc7f4
42.Re6xf6 Bf4c7
43.Nd4c6 Ka8
44.Qb4a4 Bc7a5
45.Qa4xa5 Bb7a6
46.Qa5xa6 Rh7a7
47.Qa6xa7 1-0

[Event "Transval"]
[Site "www.echecsemail.com"]
[Date "2026.01.08"]
[Round "1"]
[White "Tartu"]
[Black "Karting"]
[WhiteElo "1700"]
[BlackElo "1590"]
[Result "0-1"]
1.e4 e5
2.Ng1f3 Nb8c6
3.Nb1c3 Bf8c5
4.Bf1c4 d6
5.O-O Bc8e6
6.Bc4xe6 fxe6
7.d3 Ng8f6
8.h3 a6
9.Bc1g5 O-O
10.Rf1e1 Qd8e8
11.a3 Bc5a7
12.b4 Nc6d4
13.Ra1b1 Nd4xf3
14.Qd1xf3 Nf6h5
15.Qf3g4 Ba7xf2
16.Kh1 Bf2xe1
17.Rb1xe1 Nh5f6
18.Re1f1 Nf6xg4
{ abandon }0-1

[Event "Défi( 10J+24H/c 10J Max )"]
[Site "www.echecsemail.com"]
[Date "2026.01.08"]
[Round "1"]
[White "Luc20"]
[Black "Titit1"]
[WhiteElo "1870"]
[BlackElo "1480"]
[Result "1-0"]
1.d4 d5
2.Ng1f3 Nb8c6
3.g3 Bc8f5
4.Bf1g2 Ng8f6
5.O-O Nc6b4
6.Nb1a3 e6
7.c3 Nb4c6
8.Nf3h4 Bf5g6
9.b4 Bf8e7
10.Bc1b2 Nf6d7
11.Rf1e1 Be7xh4
12.gxh4 O-O
13.e4 Qd8xh4
14.e5 f6
15.b5 Nc6e7
16.Qd1e2 Ne7f5
17.Ra1d1 Bg6h5
18.f3 Ra8e8
19.Qe2f2 Qh4g5
20.Bb2c1 Qg5g6
21.Na3c2 Re8c8
22.Kh1 c6
23.a4 cxb5
24.axb5 Rc8xc3
25.Re1g1 Qg6e8
26.Nc2e3 Nf5xe3
27.Bc1xe3 Bh5g6
28.Be3d2 Rc3c8
29.Bd2b4 Rf8f7
30.Bb4d6 Nd7b6
31.Rd1a1 Qe8xb5
32.Ra1xa7 Rf7d7
33.Rg1a1 Bg6d3
34.f4 Kf7
35.Ra7a5 Qb5b3
36.h4 Rc8c2
37.Qf2g3 Nb6c4
38.Ra5a4 Rc2b2
39.Ra4b4 Qb3c2
40.Rb4xb2 Nc4xb2
41.Ra1g1 b5
42.Bg2xd5 exd5
43.Qg3xg7 Ke6
44.Qg7xf6 1-0

[Event "Défi( 10J+24H/c 10J Max )"]
[Site "www.echecsemail.com"]
[Date "2026.01.08"]
[Round "1"]
[White "Artabam"]
[Black "Poison"]
[WhiteElo "1010"]
[BlackElo "1130"]
[Result "0-1"]
1.e4 e5
2.Ng1f3 d6
3.Nb1c3 Ng8f6
4.Bf1c4 Nb8c6
5.O-O Bc8g4
6.Qd1e1 Bg4xf3
7.gxf3 Bf8e7
8.a4 O-O
9.Nc3d5 Nc6b4
10.Nd5xb4 Nf6h5
11.Nb4d5 Be7g5
12.Ra1a3 Nh5f4
13.Nd5xf4 Bg5xf4
14.Bc4d5 c5
15.Bd5xb7 Ra8b8
16.Bb7a6 Qd8g5
17.Kh1 Rf8e8
18.Ra3d3 Re8d8
19.Rd3c3 Qg5h5
20.Kg2 Qh5g5
21.Kh3 Qg5h5
22.Kg2 Qh5g5
23.Kh3 Rd8d7
24.Ba6b5 Rd7c7
25.Bb5c4 Qg5h5
26.Kg2 Qh5g5
27.Kh3 Rb8b6
28.Bc4a6 Rb6xa6
29.Rc3b3 Rc7c8
30.Rb3d3 Rc8d8
31.b3 Qg5h5
32.Kg2 h6
33.Rf1h1 Qh5g5
34.Kf1 Rd8d7
35.Ke2 Ra6b6
36.c3 Rb6xb3
37.Rd3d5 Rb3b5
38.axb5 Qg5d8
39.Bc1a3 a5
40.Ba3b2 Qd8b8
41.Qe1a1 Qb8xb5
42.d3 a4
43.h4 Kf8
44.Qa1g1 Bf4g5
45.hxg5 Qb5xb2
46.Ke3 Qb2xc3
47.f4 f6
48.Qg1g4 Ke8
49.Qg4h5 Ke7
50.Qh5g6 a3
51.Qg6xg7 Ke6
52.Rh1xh6 Qc3c1
53.Kf3 Qc1d1
54.Ke3 Rd7xg7
55.Rh6h8 Qd1e1
56.Kf3 Qe1d1
57.Kg3 Qd1g1
58.Kf3 exf4
59.Rh8e8 Kd7
60.Re8a8 Qg1h1
61.Kxf4 Qh1h2
62.Kf5 fxg5
63.Ra8a7 Ke8
64.Ra7xg7 Qh2h3
65.Kxg5 Qh3g2
66.Kh6 Qg2h2
67.Kg6 a2
68.Rg7g8 Kd7
69.Rg8g7 Ke6
70.Rg7a7 Qh2g2
71.Kh7 Qg2h2
72.Kg7 Qh2xf2
73.Rd5g5 Qf2e2
74.Rg5g6 Ke5
75.Rg6e6 Kxe6
76.Kg6 Ke5
77.Ra7e7 Kd4
78.Kf6 Qe2f2
79.Ke6 a1Q
80.Re7d7 Qa1a2
81.Kxd6 Kxd3
82.e5 Qa2a6
83.Kd5 Qf2d4
0-1

[Event "Transval 2"]
[Site "www.echecsemail.com"]
[Date "2026.01.08"]
[Round "1"]
[White "Turbo"]
[Black "Woluwe1975"]
[WhiteElo "1280"]
[BlackElo "1630"]
[Result "1-0"]
1.e4 e5
2.Ng1f3 Ng8f6
3.Nb1c3 Nb8c6
4.d3 h6
5.a3 d6
6.b4 Bc8e6
7.Bc1b2 a6
8.h3 Bf8e7
9.Bf1e2 b5
10.O-O O-O
11.a4 Nc6xb4
12.Nf3d2 c5
13.a5 Rf8e8
14.Bb2a3 Nb4c6
15.Nc3d5 Be7f8
16.Ba3b2 Ra8b8
17.f4 g6
18.f5 gxf5
19.Nd5xf6 Qd8xf6
20.Be2g4 Kh8
21.exf5 Be6d7
22.Nd2e4 Qf6d8
23.Bg4h5 Qd8e7
24.f6 Qe7d8
25.Bh5xf7 Bd7e6
26.Bf7xe6 Re8xe6
27.Qd1g4 Qd8e8
28.f7 Qe8e7
29.Qg4g8 1-0

[Event "Défi( 10J+24H/c 10J Max )"]
[Site "www.echecsemail.com"]
[Date "2026.01.08"]
[Round "1"]
[White "Hberlioz"]
[Black "Bertelsen"]
[WhiteElo "1680"]
[BlackElo "1730"]
[Result "0-1"]
1.e4 e5
2.Ng1f3 d6
3.Nb1c3 Ng8f6
4.Bf1c4 h6
5.d3 Bf8e7
6.Bc1e3 c6
7.Qd1d2 Nb8d7
8.O-O-O a5
9.h4 b5
10.Bc4xf7 Kxf7
11.Rd1g1 Bc8b7
12.g4 Nf6g8
13.g5 h5
14.d4 g6
15.d5 Qd8c7
16.Rg1d1 b4
17.Nc3a4 c5
18.b3 Bb7a6
19.Na4b2 c4
20.bxc4 Ba6xc4
21.Nb2xc4 Qc7xc4
22.Kb1 a4
23.Nf3e1 Qc4xe4
24.f3 Qe4c4
25.Ka1 b3
26.cxb3 axb3
27.Rd1c1 Ra8xa2
28.Qd2xa2 Qc4xc1
29.Be3xc1 bxa2
30.Kxa2 Nd7c5
31.Rh1h2 Be7d8
32.Bc1a3 Ng8e7
33.Ba3xc5 dxc5
34.d6 Ne7c6
35.Rh2d2 Ke6
36.Ne1c2 Nc6d4
37.Nc2xd4 exd4
38.Rd2b2 Bd8a5
39.f4 Ba5b4
{ abandon }0-1

[Event "Transval 2"]
[Site "www.echecsemail.com"]
[Date "2026.01.08"]
[Round "1"]
[White "Titit1"]
[Black "Woluwe1975"]
[WhiteElo "1450"]
[BlackElo "1630"]
[Result "1-0"]
1.d4 Ng8f6
2.Ng1f3 d5
3.Bc1f4 Nb8d7
4.Nb1d2 e6
5.Bf4g5 Bf8e7
6.e3 h6
7.Bg5h4 c6
8.Qd1e2 Qd8a5
9.c3 Qa5c7
10.Nf3e5 Nd7xe5
11.dxe5 Qc7xe5
12.Nd2f3 O-O
13.Nf3xe5 { abandon }1-0

[Event "OAHU 2"]
[Site "www.echecsemail.com"]
[Date "2026.01.08"]
[Round "1"]
[White "Intrigue"]
[Black "Yab414"]
[WhiteElo "1720"]
[BlackElo "1640"]
[Result "1-0"]
1.d4 d5
2.c4 dxc4
3.Nb1c3 e5
4.d5 Bf8b4
5.Qd1a4 c6
6.Qa4xb4 b5
7.a4 Nb8a6
8.Qb4a3 Ng8e7
9.axb5 cxb5
10.Nc3xb5 O-O
11.e4 Bc8b7
12.Bf1xc4 Ne7g6
13.Ng1f3 Qd8d7
14.O-O Qd7e7
15.Qa3xe7 Ng6xe7
16.Nf3xe5 Bb7c8
17.Nb5d6 Na6c5
18.b4 Nc5d7
19.Nd6xc8 Ra8xc8
20.Ne5xd7 Rf8d8
21.Nd7e5 Ne7g6
22.Ne5xg6 hxg6
23.Bc4a6 Rc8c7
24.Bc1f4 Rc7e7
25.f3 f5
26.Bf4g5 Rd8d6
27.Bg5xe7 { abandon }1-0

[Event "Tournoi n27378"]
[Site "www.echecsemail.com"]
[Date "2026.01.08"]
[Round "1"]
[White "Geantvert"]
[Black "Verson"]
[WhiteElo "1870"]
[BlackElo "1870"]
[Result "0-1"]
1.c4 Ng8f6
2.Nb1c3 Nb8c6
3.d4 e6
4.e4 d5
5.e5 Nf6e4
6.cxd5 exd5
7.Ng1f3 Bc8g4
8.Bf1e2 Bf8b4
9.Qd1d3 O-O
10.O-O a6
11.Nc3xe4 dxe4
12.Qd3xe4 Bg4e6
13.a3 Bb4e7
14.b4 Qd8d7
15.Be2d3 g6
16.Bc1b2 Be6f5
17.Qe4e3 Ra8d8
18.Rf1d1 Qd7e6
19.Ra1c1 Bf5xd3
20.Rd1xd3 Rd8d5
21.Nf3g5 Be7xg5
22.Qe3xg5 Rf8d8
23.Rc1d1 Nc6xe5
24.Rd3e3 Qe6f5
25.Qg5xf5 gxf5
26.Rd1e1 Ne5c6
27.Re3f3 Kf8
28.Re1e3 Nc6xd4
29.Bb2xd4 Rd5xd4
30.g3 Rd8d5
31.Re3c3 c6
32.Kg2 Ke7
33.Rf3e3 Rd4e4
34.Kf3 Rd5d4
35.Re3xe4 Rd4xe4
36.Rc3e3 Re4xe3
37.Kxe3 Ke6
38.Kd4 b6
39.f4 Kd6
40.h3 h5
41.Kc4 c5
42.bxc5 bxc5
43.a4 Kc6
{ abandon }0-1

[Event "Défi"]
[Site "www.echecsemail.com"]
[Date "2026.01.08"]
[Round "1"]
[White "Khamis"]
[Black "Caraca2"]
[WhiteElo "1880"]
[BlackElo "1720"]
[Result "1-0"]
1.d4 d5
2.c4 Ng8f6
3.Ng1f3 Nb8c6
4.h3 Bc8e6
5.Bc1f4 dxc4
6.Nb1c3 a6
7.a4 b5
8.axb5 axb5
9.Ra1xa8 Qd8xa8
10.Nc3xb5 Qa8b7
11.Nb5xc7 Kd8
12.Qd1a4 Nf6d5
13.Nc7xe6 fxe6
14.Bf4g3 Qb7b4
15.Qa4xb4 Nc6xb4
16.Nf3e5 Ke8
17.Ne5xc4 Nb4c2
18.Kd2 Nc2xd4
19.e3 Nd4b5
20.Nc4e5 Nb5d6
21.Bf1e2 g6
22.f3 Bf8g7
23.e4 Nd5f6
24.Ne5c6 Nf6h5
25.Bg3xd6 exd6
26.b3 Nh5g3
27.Rh1c1 Ng3xe2
28.Kxe2 Kd7
29.Nc6a5 Rh8c8
30.Rc1xc8 Kxc8
31.Kd3 Bg7e5
32.Kc4 Kc7
33.b4 Kb6
34.Na5b3 d5
35.exd5 exd5
36.Kxd5 Be5g3
37.Kc4 h5
38.Nb3d4 h4
39.Nd4e2 Bg3f2
40.Ne2f4 g5
41.Nf4e6 Bf2e3
42.Ne6d4 Be3d2
43.Nd4f5 Bd2e1
44.b5 Be1f2
45.Nf5e7 Kc7
46.Ne7d5 Kb7
47.Nd5b4 Bf2a7
48.Nb4d5 Ba7b8
49.Nd5f6 Kb6
50.Nf6d7 Kc7
51.Nd7xb8 Kxb8
52.Kd5 Kb7
53.Ke5 Kb6
54.Kf5 Kxb5
55.Kxg5 Kc4
56.f4 Kd5
57.Kxh4 Ke6
58.Kg5 Kf7
59.g4 Kg7
60.f5 Kf7
61.h4 Kg7
62.f6 Kg8
63.Kf5 Kf7
64.g5 Kg8
65.Ke6 Kf8
66.h5 Kg8
67.g6 Kh8
68.f7 Kg7
69.Ke7 { abandon }1-0

[Event "Coupe Niveau 2"]
[Site "www.echecsemail.com"]
[Date "2026.01.08"]
[Round "1"]
[White "Legros"]
[Black "Woluwe1975"]
[WhiteElo "1750"]
[BlackElo "1640"]
[Result "1/2-1/2"]
1.e4 c5
2.Ng1f3 d6
3.c3 a6
4.d4 Bc8g4
5.Bf1e2 Bg4xf3
6.Be2xf3 e5
7.Bc1e3 Nb8d7
8.O-O Ng8f6
9.Nb1d2 Qd8c7
10.d5 b5
11.c4 Bf8e7
12.b3 O-O
13.g3 Rf8e8
14.Bf3g2 Nd7f8
15.f4 Nf8g6
16.Qd1f3 b4
17.a4 a5
18.f5 Ng6f8
19.g4 Nf6d7
20.g5 f6
21.h4 Kh8
22.Qf3g4 Be7d8
23.h5 fxg5
24.Be3xg5 Nd7f6
25.Bg5xf6 gxf6
26.Kf2 Qc7g7
27.Qg4f3 h6
28.Bg2h3 Nf8h7
29.Rf1g1 Nh7g5
30.Qf3g3 Re8g8
31.Bh3g4 Qg7c7
32.Ke3 Bd8e7
33.Nd2f3 Qc7d8
34.Nf3h4 Qd8e8
35.Nh4g6 Kh7
36.Rg1g2 Be7d8
37.Ra1g1 { nul }1/2-1/2

[Event "Défi( 10J+24H/c 10J Max )"]
[Site "www.echecsemail.com"]
[Date "2026.01.08"]
[Round "1"]
[White "Anumisme"]
[Black "Whisky"]
[WhiteElo "1170"]
[BlackElo "1310"]
[Result "0-1"]
1.d4 d5
2.Nb1c3 c6
3.Bc1f4 Ng8f6
4.f3 g6
5.Bf4xb8 Ra8xb8
6.Qd1d3 Bc8f5
7.e4 Bf5e6
8.e5 Nf6d7
9.g4 Bf8g7
10.h3 f5
11.Bf1e2 c5
12.f4 c4
13.g5 cxd3
14.Be2xd3 h6
15.Ng1e2 h5
16.O-O-O Qd8a5
17.b3 Qa5a3
18.Kd2 a6
19.h4 b5
20.Rd1b1 b4
21.Nc3a4 Nd7b6
22.Na4c5 Be6c8
23.Ne2g3 Qa3xa2
24.Ng3e2 Nb6a4
25.Nc5xa4 Bc8d7
26.Na4c5 Bd7b5
27.Bd3xb5 axb5
28.Rb1c1 Qa2a7
29.Rc1a1 Qa7b6
30.Ra1a6 Qb6a7
31.Ra6xa7 Bg7f8
32.Rh1a1 Bf8g7
33.Nc5e6 Kf7
34.Ra7a6 Rb8c8
35.Ra1a5 Rc8b8
36.Ra6c6 Rh8c8
37.Ne6c7 Rb8b7
38.Ra5a6 Rb7xc7
39.Rc6xc7 Rc8xc7
40.Ra6a5 e6
41.Ra5xb5 Bg7f8
42.Ne2c1 Rc7a7
43.Nc1e2 Ra7a1
44.Ne2c1 Bf8e7
45.Nc1d3 Ra1h1
46.Rb5b7 Rh1h2
47.Kc1 Rh2xh4
48.Nd3xb4 Rh4h1
49.Kb2 Rh1f1
50.Nb4c6 Rf1xf4
51.Rb7xe7 Kf8
52.Re7xe6 Kg7
53.Re6f6 h4
54.c3 Rf4f2
55.Ka3 h3
56.Nc6e7 h2
57.Rf6xg6 Kf7
58.e6 Kxe7
59.Rg6h6 f4
60.Kb4 Rf2g2
61.Kc5 f3
62.g6 f2
63.Kxd5 f1Q
64.b4 Qf1f3
65.Kc4 Qf3f6
66.d5 Qf6f4
67.Kc5 Qf4xh6
68.c4 Qh6f8
69.b5 Rg2xg6
70.Kc6 Qf8c8
71.Kb6 h1Q
72.Ka5 Qh1a1
73.Kb4 Rg6g4
74.b6 Qc8xc4
0-1

[Event "Eq:La Diagonale du Fou-Royal Kids :"]
[Site "www.echecsemail.com"]
[Date "2026.01.08"]
[Round "1"]
[White "Skalfa"]
[Black "Foxie519"]
[WhiteElo "1870"]
[BlackElo "1750"]
[Result "1/2-1/2"]
1.e4 e6
2.Ng1f3 d6
3.Bf1c4 h6
4.O-O g6
5.Nb1c3 Bf8g7
6.d4 Ng8e7
7.Nc3e2 O-O
8.Ne2g3 Kh7
9.e5 d5
10.Bc4d3 a6
11.h3 Ne7g8
12.Nf3h2 b6
13.Ng3h5 Nb8c6
14.c3 Kh8
15.Nh5xg7 Kxg7
16.Qd1f3 f5
17.Qf3g3 Kh7
18.Qg3e3 Qd8e7
19.g3 Qe7g7
20.Qe3e2 Nc6e7
21.g4 f4
22.h4 Bc8d7
23.h5 c5
24.hxg6 Ne7xg6
25.Qe2f3 Qg7f7
26.Qf3h3 c4
27.Bd3c2 Ng8e7
28.g5 Rf8h8
29.gxh6 Kg8
30.Qh3h5 Kf8
31.f3 Ke8
32.Nh2g4 Kd8
33.Rf1f2 Kc7
34.b3 Ra8g8
35.Bc1a3 Ne7f5
36.Kh2 Bd7e8
37.Ra1h1 Qf7h7
38.Bc2xf5 exf5
39.Qh5xf5 Ng6e7
40.Qf5xf4 Ne7f5
41.Kg2 Nf5xh6
42.e6 Kd8
43.Qf4d6 Kc8
44.Qd6xd5 Qh7f5
45.Qd5xc4 Kb7
46.Rh1h4 Be8h5
47.d5 Nh6xg4
48.Qc4c6 Ka7
49.Qc6c7 Ka8
50.fxg4 Qf5xd5
51.Kf1 Qd5d1
52.Kg2 Rg8xg4
53.Rh4xg4 Qd1xg4
54.Qc7g3 Qg4xe6
55.Rf2f8 Rh8xf8
56.Ba3xf8 Bh5e8
57.Qg3f2 Ka7
58.c4 Kb7
59.c5 bxc5
60.Bf8xc5 Be8c6
61.Kg1 Qe6g8
62.Kf1 Bc6b5
63.Ke1 Qg8e6
64.Kd2 Qe6d5
65.Kc1 Qd5h1
66.Kb2 Qh1h8
67.Ka3 Bb5c6
68.Qf2f7 Kc8
69.Qf7e6 Kc7
70.Qe6d6 Kb7
71.Qd6e7 Kc8
72.Bc5b6 Qh8h2
73.Bb6c5 Bc6b5
74.Bc5d6 Qh2c2
75.Qe7f8 Kd7
76.Qf8e7 Kc8
77.Qe7f8 Kd7
78.Qf8e7 Kc8
79.Qe7e1 Kb7
80.Bd6e5 Qc2c5
81.Kb2 Kb6
82.b4 Qc5c4
83.Be5c3 Qc4e2
84.Qe1xe2 Bb5xe2
85.a4 Be2c4
86.Bc3d4 Kc6
87.Kc3 Bc4d5
88.Bd4c5 Bd5e6
89.Kb2 Be6c4
90.Bc5e7 Kd7
91.Kc3 Bc4e2
92.Kd2 Be2c4
{ nul }1/2-1/2

[Event "Transval 2"]
[Site "www.echecsemail.com"]
[Date "2026.01.08"]
[Round "1"]
[White "Turbo"]
[Black "Abelito"]
[WhiteElo "1280"]
[BlackElo "1580"]
[Result "1-0"]
1.e4 e5
2.Ng1f3 Nb8c6
3.a3 Bf8c5
4.Bf1c4 Ng8e7
5.Nf3g5 d5
6.Qd1f3 O-O
7.exd5 Nc6d4
8.Qf3c3 a6
9.Qc3d3 Bc8f5
10.Qd3g3 Nd4xc2
11.Kf1 Nc2xa1
12.Qg3h4 h6
13.d3 hxg5
14.Bc1xg5 f6
15.Bg5d2 Ne7g6
16.Qh4h5 Kf7
17.Qh5xf5 b5
18.Qf5e6 1-0

[Event "Eq:au plaisir du jeux -Fair play :"]
[Site "www.echecsemail.com"]
[Date "2026.01.08"]
[Round "1"]
[White "Tinenfant"]
[Black "Carlsen10"]
[WhiteElo "1870"]
[BlackElo "1790"]
[Result "1-0"]
1.e4 d5
2.exd5 Qd8xd5
3.Nb1c3 Qd5a5
4.d4 c6
5.Bc1d2 Qa5c7
6.Ng1f3 Bc8g4
7.Bf1e2 e6
8.O-O Bf8d6
9.h3 Bg4h5
10.Nc3e4 Bd6e7
11.c4 Ng8f6
12.Ne4xf6 Be7xf6
13.Bd2c3 O-O
14.Rf1e1 Nb8d7
15.Ra1c1 Nd7b6
16.b3 Ra8d8
17.Qd1d2 Bh5g6
18.Qd2e3 Qc7e7
19.Be2d3 Bg6xd3
20.Qe3xd3 h6
21.Qd3e4 Rf8e8
22.Re1e2 Qe7c7
23.Rc1e1 Qc7d7
24.Bc3b2 g6
25.Nf3e5 Qd7e7
26.Ne5xg6 fxg6
27.Qe4xg6 Qe7g7
28.Qg6xg7 Kxg7
29.Re2xe6 Re8xe6
30.Re1xe6 Bf6xd4
31.Bb2xd4 Rd8xd4
32.Re6e7 Kf8
33.Re7xb7 Rd4d7
34.Rb7xd7 Nb6xd7
35.Kf1 Nd7e5
36.Ke2 Ke7
37.Ke3 Ke6
38.Ke4 c5
39.f4 Ne5d7
40.g4 Nd7f6
41.Kf3 a5
42.a4 Nf6d7
43.Ke4 Nd7f6
44.Kf3 Nf6h7
45.h4 Kf6
46.Ke4 Ke6
47.g5 hxg5
48.hxg5 Nh7f8
49.f5 Kd6
50.g6 { abandon }1-0

[Event "Eq:Avalon-LES CHATTERBOX :"]
[Site "www.echecsemail.com"]
[Date "2026.01.08"]
[Round "1"]
[White "Sierra117"]
[Black "Onetwoyve"]
[WhiteElo "1660"]
[BlackElo "1860"]
[Result "0-1"]
1.e4 e5
2.Ng1f3 Ng8f6
3.Nb1c3 Nb8c6
4.Bf1b5 d6
5.O-O Bc8g4
6.h3 Bg4h5
7.d3 a6
8.Bb5xc6 bxc6
9.Bc1g5 Bf8e7
10.Qd1d2 Bh5xf3
11.gxf3 Qd8d7
12.Kh2 h6
13.Bg5xf6 Be7xf6
14.Nc3e2 g5
15.Ne2g3 h5
16.Kg2 g4
17.hxg4 hxg4
18.Rf1h1 O-O-O
19.c4 gxf3
20.Kxf3 Rd8g8
21.Rh1xh8 Rg8xh8
22.Ra1h1 Rh8xh1
23.Ng3xh1 Qd7h3
24.Ke2 Qh3xh1
25.Qd2e1 Qh1xe1
26.Kxe1 Kd7
27.f3 Ke6
28.Kd2 d5
29.cxd5 cxd5
30.Ke3 Bf6g5
31.Ke2 f5
32.b3 dxe4
33.fxe4 f4
34.Kf3 a5
35.Ke2 Kd6
36.a3 Kc5
37.Kd2 Kd4
38.b4 axb4
39.axb4 c6
{ abandon }0-1

[Event "Eq:au plaisir du jeux -LES CHATTERBOX :"]
[Site "www.echecsemail.com"]
[Date "2026.01.08"]
[Round "1"]
[White "Janolapin"]
[Black "Jasmartin"]
[WhiteElo "1710"]
[BlackElo "2070"]
[Result "0-1"]
1.e4 c5
2.Ng1f3 Nb8c6
3.d4 cxd4
4.Nf3xd4 Ng8f6
5.Nd4xc6 bxc6
6.Bf1d3 g6
7.O-O d6
8.b3 Bf8g7
9.Bc1b2 O-O
10.Nb1d2 Qd8c7
11.Nd2f3 Bc8g4
12.h3 Bg4xf3
13.Qd1xf3 e5
14.c4 a5
15.Rf1d1 Nf6d7
16.Ra1b1 Nd7c5
17.Bd3c2 Qc7e7
18.Bb2a3 Rf8d8
19.Ba3xc5 dxc5
20.Rd1xd8 Ra8xd8
21.Rb1d1 Rd8b8
22.Rd1d2 Bg7h6
23.Rd2d3 Rb8d8
24.Qf3d1 Rd8d4
25.Qd1e2 Qe7h4
26.Qe2f3 Kg7
27.a4 Rd4xe4
28.Qf3d1 Re4d4
29.Qd1e1 Qh4e7
30.Qe1xa5 e4
31.Rd3d1 Qe7d6
32.Qa5e1 Rd4xd1
33.Qe1xd1 Qd6e5
34.Qd1e2 e3
35.fxe3 Bh6xe3
36.Kh1 Qe5a1
37.Qe2d1 Qa1c3
38.Qd1d3 Qc3e1
39.Kh2 Be3f4
40.g3 Qe1f2
{ abandon }0-1

[Event "VIC LA GARDIOLE"]
[Site "www.echecsemail.com"]
[Date "2026.01.08"]
[Round "1"]
[White "Mindthegap"]
[Black "Orosco"]
[WhiteElo "1440"]
[BlackElo "2280"]
[Result "0-1"]
1.e4 e5
2.Ng1f3 Nb8c6
3.Nb1c3 Ng8f6
4.d4 exd4
5.Nf3xd4 Bf8b4
6.Nd4xc6 Bb4xc3
7.bxc3 bxc6
8.Bf1d3 O-O
9.Bc1g5 h6
10.Bg5h4 Bc8b7
11.Qd1e2 d6
12.Ra1b1 Ra8b8
13.O-O g5
14.Bh4g3 c5
15.Rf1d1 Rf8e8
16.e5 Nf6d5
17.Qe2d2 Re8xe5
18.Bg3xe5 dxe5
19.Bd3h7 Kxh7
20.Qd2d3 Kg7
21.Qd3xd5 Bb7xd5
22.Rd1xd5 Rb8xb1
23.Rd5d1 Rb1xd1
0-1

[Event "SOUPE UNE BONNE SOUPE"]
[Site "www.echecsemail.com"]
[Date "2026.01.08"]
[Round "1"]
[White "Katastrofic"]
[Black "Mindthegap"]
[WhiteElo "1460"]
[BlackElo "1440"]
[Result "1-0"]
1.d4 f5
2.e3 Ng8f6
3.Bf1c4 d5
4.Bc4b3 e6
5.Ng1f3 Nf6e4
6.Nb1d2 Qd8f6
7.Nd2xe4 dxe4
8.Nf3d2 Bf8d6
9.O-O Qf6h6
10.g3 f4
11.Nd2xe4 fxg3
12.Ne4xg3 O-O
13.e4 Nb8c6
14.Bc1xh6 Bd6xg3
15.fxg3 Rf8xf1
16.Qd1xf1 Bc8d7
17.Bh6e3 Ra8f8
18.Qf1h3 Nc6a5
19.Ra1f1 Rf8xf1
20.Qh3xf1 { abandon }1-0

[Event "TRISTAN DA CUNHA"]
[Site "www.echecsemail.com"]
[Date "2026.01.08"]
[Round "1"]
[White "Mindthegap"]
[Black "Intrigue"]
[WhiteElo "1420"]
[BlackElo "1750"]
[Result "0-1"]
1.e4 e5
2.Ng1f3 Nb8c6
3.Nb1c3 Ng8f6
4.Bf1c4 Bf8e7
5.d3 O-O
6.Nf3g5 d6
7.Nc3d5 h6
8.b3 hxg5
9.Bc1xg5 Nf6xd5
10.Bc4xd5 Be7xg5
11.Bd5xc6 bxc6
12.Qd1h5 Qd8f6
13.Qh5f3 Qf6xf3
14.gxf3 Bg5f4
15.Ke2 f5
16.exf5 Bc8xf5
17.Ra1g1 Kf7
18.h3 Rf8h8
19.c4 Rh8xh3
20.Rh1xh3 Bf5xh3
21.b4 g5
{ abandon }0-1

[Event "Défi( 10J+24H/c 10J Max )"]
[Site "www.echecsemail.com"]
[Date "2026.01.08"]
[Round "1"]
[White "Ziviol"]
[Black "Baloo"]
[WhiteElo "1420"]
[BlackElo "1460"]
[Result "0-1"]
1.e4 e5
2.Ng1f3 d6
3.d4 Ng8f6
4.Bf1d3 c6
5.Nb1c3 Nb8d7
6.d5 c5
7.h3 Bf8e7
8.O-O O-O
9.a4 a5
10.Bd3c4 Nd7b6
11.Nf3h4 Nb6xc4
12.Nh4f5 g6
13.Nf5h6 Kh8
14.f4 Qd8e8
15.Nc3b5 Be7d8
16.f5 Nc4b6
17.Nb5xd6 Qe8e7
18.Nd6xc8 Ra8xc8
19.Bc1g5 Qe7d6
20.b3 Nf6xe4
21.Nh6g4 Bd8xg5
22.Ng4h2 Ne4g3
23.Rf1e1 Ng3xf5
24.Nh2f3 Bg5f6
25.Re1e4 Nb6xd5
26.g4 Nf5h4
27.c4 Nh4xf3
28.Qd1xf3 Nd5f4
29.Ra1d1 Qd6b6
30.h4 Rf8e8
31.g5 Bf6xg5
32.hxg5 Qb6c6
33.Rd1d5 Nf4xd5
34.cxd5 Qc6xd5
35.Qf3f6 Kg8
36.Qf6f3 Qd5d8
37.Qf3f6 Qd8xf6
38.gxf6 Rc8c6
39.Kg2 Rc6xf6
40.Re4c4 e4
41.Rc4xc5 e3
42.Rc5c1 e2
43.Rc1e1 Re8e3
44.Re1c1 Kg7
45.Rc1e1 Rf6e6
46.Kf2 f5
47.Kg1 f4
48.Kf2 f3
49.Kg3 Re6f6
50.Kf2 Re3xb3
51.Re1c1 Rb3b2
52.Rc1e1 Rb2a2
53.Kg1 Ra2xa4
54.Kf2 Ra4a2
55.Kg1 f2
56.Kg2 fxe1Q
57.Kh3 Rf6f4
58.Kh2 Qe1c3
59.Kg2 e1Q
0-1

[Event "Défi( 10J+24H/c 10J Max )"]
[Site "www.echecsemail.com"]
[Date "2026.01.08"]
[Round "1"]
[White "Mindthegap"]
[Black "Titit1"]
[WhiteElo "1440"]
[BlackElo "1480"]
[Result "0-1"]
1.Ng1f3 Nb8c6
2.d4 d5
3.c4 Ng8f6
4.Nb1c3 dxc4
5.e3 Bc8g4
6.e4 e5
7.Nc3b5 a6
8.Nb5c3 exd4
9.Nc3e2 Bf8c5
10.e5 Nf6e4
11.h3 Bg4e6
12.b3 c3
13.Nf3g5 Ne4xg5
14.Bc1xg5 Qd8xg5
15.h4 Qg5xe5
16.f4 Qe5e4
17.Ra1c1 Nc6b4
{ abandon }0-1

[Event "Tournoi échelle champions"]
[Site "www.echecsemail.com"]
[Date "2026.01.08"]
[Round "1"]
[White "Alain64"]
[Black "Darkknight99"]
[WhiteElo "2110"]
[BlackElo "1980"]
[Result "1-0"]
1.f4 Ng8f6
2.Ng1f3 g6
3.b3 Bf8g7
4.Bc1b2 O-O
5.e3 d6
6.d4 Bc8f5
7.Bf1d3 Bf5xd3
8.Qd1xd3 Nb8c6
9.O-O Nc6b4
10.Qd3e2 Nf6g4
11.Nb1a3 Nb4d5
12.Bb2c1 c5
13.c4 Nd5b4
14.h3 Ng4f6
15.Bc1b2 Nf6e4
16.Rf1d1 Qd8c7
17.Na3b5 Qc7b6
18.dxc5 dxc5
19.Bb2xg7 Kxg7
20.Qe2b2 Kg8
21.Nf3e5 a6
22.Ne5d7 Qb6c6
23.Nd7xf8 axb5
24.cxb5 Qc6xb5
25.Nf8d7 Nb4d3
26.Qb2e2 Ne4f2
27.Nd7e5 Nf2xd1
28.Ra1xd1 Ra8d8
29.Rd1xd3 Kg7
30.Qe2d2 Rd8xd3
31.Qd2xd3 { abandon }1-0